Možnosti vícekriteriálního hodnocení projektů z hlediska vlivu na životní prostředí.

Prehľad prístupov k riešeniu úloh viackriteriálneho hodnotenia variantov a úloh viackriteriálneho programovania, predpoklady a možnosti použitia metód. Viackriteriálne hodnotenie variantov a členenie metód. Viackriteriálne hodnotenie výroby a využitia bioplynu. Viackriteriálna optimalizácia energeti...

Descrizione completa

Salvato in:
Dettagli Bibliografici
Autore principale: Fiala, Petr
Natura: Capitolo di libro
Lingua:ceco
Soggetti:
Tags: Aggiungi Tag
Nessun Tag, puoi essere il primo ad aggiungerne!!

MARC

LEADER 00000naa a2200000 4500
001 r003648
005 20221125075530.6
041 0 |a cze 
044 |a [CS] 
245 1 0 |a Možnosti vícekriteriálního hodnocení projektů z hlediska vlivu na životní prostředí.  |c Petr Fiala 
520 |a Prehľad prístupov k riešeniu úloh viackriteriálneho hodnotenia variantov a úloh viackriteriálneho programovania, predpoklady a možnosti použitia metód. Viackriteriálne hodnotenie variantov a členenie metód. Viackriteriálne hodnotenie výroby a využitia bioplynu. Viackriteriálna optimalizácia energetického systému. 
610 2 0 |a prostredie životné 
610 2 0 |a projekty stavebné 
610 2 0 |a rozhodovanie viackriteriálne 
610 2 0 |a kritériá rozhodovania 
610 2 0 |a optimalizácia 
610 2 0 |a energetika 
610 2 0 |a programovanie lineárne 
610 2 0 |a programovanie matematické 
100 1 |a Fiala, Petr